| 000 | 00583cas a2200181 a 4500 | ||
|---|---|---|---|
| 040 | _cOHS | ||
| 082 | _a604 THE 1991 A049 Or. | ||
| 245 | 0 | 0 | _aJournal of veterinary medical science |
| 260 |
_a[Tokyo] : _bThe Society |
||
| 500 | _aDescription based on: Vol. 59, no. 1 (1997); title from caption graphic (viewed Jan. 10, 2007) | ||
| 500 | _aLatest issue consulted: Vol. 53, no. 8 (2002) | ||
| 650 | 0 | _aVeterinary medicine | |
| 650 | 0 | _aAnimals | |
| 710 | 2 | _aNihon J¿±i Gakkai | |
| 710 | 2 | _aJ-Stage (System) | |
| 856 | 4 | _uhttp://www.jstage.jst.go.jp/browse/jvms | |
| 942 | _cEK | ||
| 999 |
_c14301 _d14301 |
||